Parivardhan Jaiviki (Record no. 374)

MARC details
000 -LEADER
fixed length control field 00254nam a2200109Ia 4500
008 - FIXED-LENGTH DATA ELEMENTS--GENERAL INFORMATION
fixed length control field 260218s9999 xx 000 0 eng d
100 ## - MAIN ENTRY--PERSONAL NAME
Personal name K.C. Soni
245 #0 - TITLE STATEMENT
Title Parivardhan Jaiviki
260 ## - PUBLICATION, DISTRIBUTION, ETC. (IMPRINT)
Name of publisher, distributor, etc College Book Depot
942 ## - ADDED ENTRY ELEMENTS (KOHA)
Koha item type Books
Source of classification or shelving scheme Dewey Decimal Classification
Holdings
Withdrawn status Lost status Source of classification or shelving scheme Damaged status Not for loan Home library Current library Date acquired Total Checkouts Barcode Date last seen Bill Date Koha item type
    Dewey Decimal Classification     Prince College Library Prince College Library 18/02/2026   374 18/02/2026 18/02/2026 Books

Implemented & Customized by: BestBookBuddies

Powered by Koha